Racing Club Strasbourg - Tous les joueurs de 2015 à 2025 - Statistiques

Statistiques générales
  • Ce quiz a été pris 155 fois
    43 depuis la dernière actualisation
  • Le résultat moyen est 42 sur 128
Statistiques - réponses
Saisons Nationalité Joueur Nombre
De Matchs
Poste % Correct
2023 - Pays Bas EmanuelEmegha 60 A
89%
2013 - 2023 France DimitriLiénard 331 M
83%
2018 - 2024 Belgique MatzSels 175 G
83%
2024 - Argentine ValentinBarco 15 D/M
80%
2024 - Belgique DiegoMoreira 34 D/M/A
77%
2024 - CoteD'Ivoire GuelaDoue 34 D
77%
2018 - 2023 France LudovicAjorque 151 A
77%
2005 - 2008 2021 - 2024 France KevinGameiro 170 A
74%
2023 - 2025 Brésil AndreySantos 45 M
71%
2021 - 2025 Sénégal HabibDiarra 102 M
69%
2021 - Cote D'ivoire IsmaelDoukoure 86 D/M
69%
2016 - 2017 France LaurentDos Santos 31 D
69%
2018 - 2023 France AdrienThomasson 156 M
66%
2014 - 2018 Algérie AlexandreOukidja 118 G
63%
2023 - 2025 France DilaneBakwa 66 A
63%
2024 - 2025 Serbie DjordjePetrovic 31 G
63%
2022 - Ukraine EduardSobol 31 D
63%
2018 - 2024 AfriqueDu Sud LeboMothiba 96 A
63%
2020 - 2023 Sénégal HabibDiallo 103 A
60%
2019 - 2023 Haiti Jean - RicnerBellegarde 138 M
60%
2024 - Sénégal MamadouSarr 28 D
60%
2024 - 2025 France ZoumanaDiallo 1 A
60%
2017 - 2022 Sénégal BingourouKamara 40 G
57%
2020 - 20222023 - 2024 France FrédéricGuilbert 103 D
57%
2013 - 2020 France JérémyGrimm 178 M
57%
2017 - 2019 France JonasMartin 72 M
57%
2017 - 2021 France KennyLala 131 D
57%
2024 - Suède SebastianNanasi 33 M
57%
2018 - 2020 France YoussoufFofana 41 M
57%
2018 - 2023 Japon EijiKawashima 27 G
54%
2018 - 2024 Mali IbrahimaSissoko 198 M
54%
2018 - 2021 Serbie StefanMitrovic 104 D
54%
2014 - 2018 Cameroun StéphaneBahoken 133 A
54%
2017 - 2020 Cap - Vert NunoDa Costa 87 A
51%
2018 - 2024 Bosnie SanjinPrcic 101 M
51%
2019 - 2023 Ghana AlexanderDjiku 127 D
49%
2017 - 2018 BurkinaFaso BakaryKoné 33 D
49%
2024 - France FelixLemarechal 30 M
49%
2023 - 2025 France JuniorMwanga 34 M
49%
2018 - 2021 CoteD'Ivoire LamineKoné 75 D
49%
2023 - Maroc SamirEl Mourabet 2 M
49%
2023 - 2025 Maroc AlaaBellaarouch 19 G
46%
2016 - 20182020 - 2024 CoteD'Ivoire Jean - EudesAholou 141 M
46%
2024 - Irlande AndrewOmobamidele 11 D
43%
2014 - 2020 Sénégal AbdallahNdour 124 D
40%
2016 - 2022 France AnthonyCaci 119 D
40%
2015 - 2017 Brésil FelipeSaad 48 D
40%
2014 - 2018 France JérémyBlayac 110 A
40%
2024 - Suède Karl - JohanJohnsson 6 G
40%
2021 - 2024 France LucasPerrin 94 D
40%
2020 - 20222023 - 2025 CoteD'ivoire MoiseSahi Dion 35 A
40%
2016 - 2017 Belgique BaptisteGuillaume 37 A
37%
2021 - 2023 Pologne KarolFila 20 D
37%
2022 - 2023 France MorganSanson 18 M
37%
2024 - CoteD'Ivoire AbdoulOuattara 19 A
34%
2014 - 2018 Guinée ErnestSeka 141 D
34%
2024 - 2025 Serbie MilosLukovic 2 A
34%
2019 - 2021 France MohamedSimakan 44 D
34%
2017 - 2019 France PabloMartinez 63 D
34%
2023 - CoteD'ivoire AbakarSylla 49 D
31%
2016 - 2018 Sénégal Abdoul KaderMangane 44 D
31%
2019 - 2022 Ghana Abdul MajeedWaris 40 A
31%
2016 - 2019 France AnthonyGoncalves 88 M
31%
2021 - 2024 Cameroun GerzinoNyamsi 69 D
31%
2017 - 20192020 - 2021 Algérie IdrissSaadi 38 A
31%
2016 - 2017 Maroc KhalidBoutaib 37 A
31%
2017 - 2018 France MartinTerrier 29 A
31%
2023 - Guinée SaidouSow 25 D
31%
2024 - 2025 France SekouMara 27 A
31%
2022 - 2025 France ThomasDelaine 49 D
31%
2022 - 2023 France ColinDagba 21 D
29%
2022 - 2023 France RonaelPierre - Gabriel 15 D
29%
2017 - 2021 Mali KévinZohi 77 A
26%
2024 - 2025 Etats - Unis CalebWiley 6 D
23%
2015 - 2016 Gabon DenisBouanga 18 A
23%
2018 - 2021 France LionelCarole 82 D
23%
2021 - 2023 France MaximeLe Marchand 39 D
23%
2023 - 2024 Brésil Angelo 25 A
20%
2023 - 2024 France JessyDeminguet 21 M
20%
2022 - 2023 Japon YuitoSuzuki 3 A
20%
2015 - 2018 France IhsanSacko 50 A
17%
2023 - 2025 Martinique JérémySebas 30 A
17%
2024 - 2025 Colombie OscarPerea 2 A
17%
2024 - 2025 Sénégal PapeDiong 11 M
17%
2016 - 2018 France VincentNogueira 36 M
17%
2014 - 2018 Guyane Fr YoannSalmier 84 D
17%
2022 - 2023 Haiti DanyJean 2 A
14%
2016 - 2018 France LandryBonnefoi 14 G
14%
2019 - 2020 France AdrienLebeau 6 M
11%
2024 - 2025 Sénégal AmadouCisse 1 D
11%
2017 - 2020 France BenjaminCorgnet 49 M
11%
2015 - 2016 NouvelleZélande BillTuiloma 10 D
11%
2018 - 2020 Tunisie MoatazZemzemi 5 M
11%
2024 - 2025 France RayaneMessi 2 A
11%
2018 - 2019 France SamuelGrandsir 9 A
11%
2017 - 2018 Guadeloupe DimitriFoulquier 19 D
9%
2018 - 2021 France IsmailAaneba 13 D
9%
2014 -2017 Sénégal MayoroN'doye 83 M
9%
2020 - 2021 France MehdiChahiri 25 A
9%
2021 - 2023 Maroc NordineKandil 13 A
9%
2023 - 20242025 - France RabbyNzingoula 7 M
9%
2016 - 2017 France VincentGragnic 29 M
9%
2015 - 2017 France EricMarester 61 D
6%
2016 -2017 France GaetanWeissbeck 1 M
6%
2016 - 2017 France HichamBenkaid 4 A
6%
2012 - 2016 France Jean - PhilippeSabo 93 D
6%
2015 - 2016 Congo LadislasDouniama 21 A
6%
2020 - 2022 Mali MahaméSiby 10 M
6%
2011 - 2017 France StevenKeller 3 D
6%
2024 - 2025 France YoniGomis 1 D
6%
2018 - 2019 Cameroun DuplexeTchamba 1 D
3%
2022 - 2023 France FranciBouebari 2 D
3%
2023 - 2025 Ghana MarvinSenaya 45 D
3%
2015 - 2016 France MassireKanté 22 M
3%
2023 - 2025 Algérie MohamedBechikh 3 A
3%
2023 - 2024 CoteD'ivoire PatrickOuotro 1 A
3%
2014 - 2016 Bénin YanickAguemon 38 A
3%
2013 - 2016 France AbdelhakBelahmeur 78 A
0%
2020 - 2021 Mauritanie AbdoulayeOusmane 1 D
0%
2023 - 2024 Comores Aboubacar AliAbdallah 7 A
0%
2022 - 2023 France AntoineNuss 1 D
0%
2015 - 2016 France LennyHouelche 1 D
0%
2015 - 2016 France LilianNorth 1 D
0%
2018 - 2019 France MamoudouKaramoko 2 A
0%
2015 - 2016 France OlivierBlondel 1 G
0%
2015 - 2016 Sénégal OumarPouye 14 A
0%
2024 - Angleterre SamuelAmo - Ameyam 10 A
0%
2023 - 2024 France StevenBaseya 3 D
0%
Aucun quiz correspondant
Distribution des résultats
% des personnes avec chaque résultat
Percentile par nombre de réponses
Votre historique - résultats
Vous n’avez pas pris ce quiz depuis la dernière actualisation